00781 2200265 4500001002100000005001700021008004100038020001800079035002400097082001200121090001900133100002200152245013100174250001100305260004100316300001900357650003800376700002000414700001900434850001500453980001300468985000600481986001300487999001500500YOGYA-0209000001628920090227022626.0 ind  a979-416-233-7 0010-020900000016289 a343.098 a343.098bPal U aPALANDENG, Robert aUndang-undang lalu lintas angkutan jalanbaneka pandangan dan opinicpenyusun, Robert Palandeng, Hernowo Wibowo, Bien Pasaribu aCet. 1 aJakartabPustaka Sinar Harapanc1993 a297 hlmc21 cm aPeraturan lalu lintas - Indonesia aWIBOWO, Hernowo aPASARIBU, Bien aYOPDYOG(B) a10-10-05 a1 afwhrtrev a00P0006773